Magon v Barking and Dagenham LBC (Record no. 65606)
[ view plain ]
| 000 -LEADER | |
|---|---|
| fixed length control field | 00998cam a2200181 4500 |
| 001 - CONTROL NUMBER | |
| control field | X109994 |
| 008 - FIXED-LENGTH DATA ELEMENTS--GENERAL INFORMATION | |
| fixed length control field | 000000n2000 000 0 eng u |
| 035 ## - SYSTEM CONTROL NUMBER | |
| System control number | (Sirsi) u109994 |
| 245 ## - TITLE STATEMENT | |
| Title | Magon v Barking and Dagenham LBC |
| 260 ## - PUBLICATION, DISTRIBUTION, ETC. | |
| Date of publication, distribution, etc. | 2000 |
| 490 ## - SERIES STATEMENT | |
| Series statement | Rating Appeals |
| Volume/sequential designation | [2000] RA 459-470(7) |
| 520 ## - SUMMARY, ETC. | |
| Summary, etc. | QBD 18 October 1999. Held that the premises divided into units and used by the licensees for storage were in the rateable occupation of the owner because the premises were used as a business by the owner for the purpose of allowing the licensees to store their goods in the premises or parts of the premises on the terms of agreements which gave very limited rights to the licneses and the actual occupation of the premiss by te owner by virrtue of the nature of the control over the premises. Appeal dismissed. |
| 650 ## - SUBJECT ADDED ENTRY--TOPICAL TERM | |
| Topical term or geographic name entry element | STORAGE UNITS |
| 650 ## - SUBJECT ADDED ENTRY--TOPICAL TERM | |
| Topical term or geographic name entry element | MAGON V BARKING AND DAGENHAM LBC |
| 650 ## - SUBJECT ADDED ENTRY--TOPICAL TERM | |
| Topical term or geographic name entry element | RATEABLE OCCUPATION |
| 690 ## - LOCAL SUBJECT ADDED ENTRY--TOPICAL TERM (OCLC, RLIN) | |
| Topical term or geographic name as entry element | RATING AND LOCAL TAXATION-CASE LAW |
| 942 ## - ADDED ENTRY ELEMENTS (KOHA) | |
| Suppress in OPAC | 0 |
| Withdrawn status | Lost status | Source of classification or shelving scheme | Damaged status | Not for loan | Home library | Current library | Shelving location | Date acquired | Total Checkouts | Full call number | Barcode | Date last seen | Copy number | Price effective from | Koha item type |
|---|---|---|---|---|---|---|---|---|---|---|---|---|---|---|---|
| Dewey Decimal Classification | London | London | Journals | 19/12/2000 | X109994 | 109994-1001 | 06/08/2019 | 1 | 06/08/2019 | Law report |